| 000 | 02684cam a22004934i 4500 | ||
|---|---|---|---|
| 003 | PE-LiUPU | ||
| 005 | 20250731172905.0 | ||
| 008 | 170124s2016 miu rb 001 0 eng d | ||
| 020 | _a0802874398 | ||
| 020 | _a9780802874399 | ||
| 035 | _a(Sirsi) a166454 | ||
| 040 |
_aPE-LiUPU _bspa _cPE-LiUPU _erda |
||
| 049 | _aPRUA | ||
| 082 | 0 | 4 |
_a220.601 _bK34 _223 |
| 100 | 1 |
_aKeener, Craig S., _eautor. |
|
| 245 | 1 | 0 |
_aSpirit hermeneutics : _breading scripture in light of Pentecost / _cCraig S. Keener. |
| 264 | 1 |
_aGrand Rapids, Michigan : _bWilliam B. Eerdmans Publishing Company, _c2016. |
|
| 300 |
_axxviii, 522 páginas ; _c23 centimetros |
||
| 336 |
_atext _2rdacontent |
||
| 337 |
_aunmediated _2rdamedia |
||
| 338 |
_avolume _2rdacarrier |
||
| 504 | _aBibliografía : páginas 389-457 . | ||
| 504 | _aÍndices: páginas 494-522. | ||
| 505 | 0 | _aA theological reading toward praxis and mission -- Reading experientially -- Reading from the vantage of Pentecost -- Global readings -- Global reading : the Biblical model of Pentecost -- Global reading : contextualization and scripture -- Needing other cultures' input -- Some valuable majority world insights -- Connection with the designed sense -- The measuring stick -- Do ancient meanings matter? -- Room left for authors? -- Both-and -- Epistemology and the spirit -- An epistemology of word and spirit -- Biblical epistemology and hermeneutics -- Reading the Bible as truth -- Intrabiblical models for reading scripture -- How Jesus invites us to hear the Bible -- Reading the Torah as the law of faith -- Christological reading or personal application? -- Whose charismatic interpretation? -- Naive "Pentecostal" readings vs. biblically sensitive Pentecostal readings -- Global pentecostal community as a safety net? -- Scripture speaking personally - and historically. | |
| 526 | _aSEG42 | ||
| 526 | _aSEG41 | ||
| 526 | _aSEG40 | ||
| 526 | _aSEG39 | ||
| 526 | _aP94 | ||
| 526 | _aP87 | ||
| 526 | _aP86 | ||
| 526 | _aP85 | ||
| 526 | _aP77 | ||
| 526 | _aP76 | ||
| 526 | _aP35 | ||
| 650 | 0 | 0 |
_aEspíritu Santo. _91618 |
| 650 | 0 | 0 | _aPentecostalismo. |
| 910 |
_ajck _bjvq _cjck _d20170124. |
||
| 942 |
_2ddc _cBOOK |
||
| 949 |
_a220.601 K34 _wDEWEY _c1 _i75595 _lCATALOGING _mBUL _p38.00 _r0 _sY _tBOOK _u2017-01-24 _xTEOLOGIA _zPOSGRADO TEOLOGÍA _0COMPRA _o.CIRCNOTE. El documento es de alto precio. _o.STAFF. Colección Teología |
||
| 596 | _a1 | ||
| 999 |
_a220.601 K34 _wLC _c15194 _i75595 _d15194 _f2021-11-9 _g5 _lCCODEBUL1 _mBUL _p38.00 _q1 _r0 _sY _tBOOK _u2017-1-24 _xTEOLOGIA _PP85 _0COMPRA _o.STAFF. Colección Teología |
||
| 980 |
_81 _gALBERTO SANCHEZ Responsable de Automatización |
||